00513 2200193 4500001002100000005001500021008004100036020002200077035001900099041000700118082001000125090001600135100002000151245003600171250001000207260004000217300003100257650003100288INLIS00000000001269220241224114419241224||||||||| | ||| |||| || |  a978-979-1275-81-1 0010-1224012692 aid0 a2x1.1 a2x1.1 FAD s0 asyekh fadhlalla00aSurah yasin : makna dan khasiat aCet.1 aJakartabSerambi Ilmu Semestac2007 a207 hlm ,; 15 cm x 15,5 cm 0aal-quran dan terjemahannya